| 000 | 00543pam a2200217 i 4500 | ||
|---|---|---|---|
| 001 | 3179299 | ||
| 005 | 20180307081758.0 | ||
| 008 | 761202s1977 caua b 001 0 eng | ||
| 010 | _a 76017206 | ||
| 020 | _a0876201427 | ||
| 040 |
_aDLC _cDLC _dDLC |
||
| 041 | _aeng | ||
| 080 | _a515.15 SHEN | ||
| 082 | 0 | 0 | _a515.15 SHEN |
| 100 | 1 | _a37 | |
| 101 | _aMAT | ||
| 245 | 1 | 0 |
_aCalculus and analytic geometry / _cAl Shenk. |
| 504 | _aBibliography: p. [887]-888. | ||
| 906 |
_a7 _bcbc _corignew _d1 _eocip _f19 _gy-gencatlg |
||
| 942 |
_2ddc _cBK |
||
| 999 |
_c44321 _d44321 |
||